Numerical mathematics (E-Book) (Record no. 196650)

000 -LEADER
fixed length control field 00808 a2200229 4500
003 - CONTROL NUMBER IDENTIFIER
control field Nust
005 - DATE AND TIME OF LATEST TRANSACTION
control field 20170207154318.0
020 ## - INTERNATIONAL STANDARD BOOK NUMBER
International Standard Book Number 0-387-98959-5 (acid-free paper) ;
040 ## - CATALOGING SOURCE
Transcribing agency Nust
082 ## - DEWEY DECIMAL CLASSIFICATION NUMBER
Classification number 519.4
100 1# - MAIN ENTRY--PERSONAL NAME
Personal name Quarteroni, Alfio
245 10 - TITLE STATEMENT
Title Numerical mathematics (E-Book)
Statement of responsibility, etc. Alfio Quarteroni, Riccardo Sacco, Fausto Saleri
260 ## - PUBLICATION, DISTRIBUTION, ETC.
Place of publication, distribution, etc. New York :
Name of publisher, distributor, etc. Springer,
Date of publication, distribution, etc. cop. 2000
300 ## - PHYSICAL DESCRIPTION
Extent xx, 654 s. :
Other physical details ill. ;
Dimensions 24 cm
440 #0 - SERIES STATEMENT/ADDED ENTRY--TITLE
Title Texts in applied mathematics,
Volume/sequential designation 37
505 ## - FORMATTED CONTENTS NOTE
Formatted contents note PART I: Getting Started,PART II: Numerical Linear Algebra,PART III: Around Functions And Functionals,PART IV: Transforms, Differentiationand Problem Discretization
650 #0 - SUBJECT ADDED ENTRY--TOPICAL TERM
Topical term or geographic name entry element Numerical analysis
650 #0 - SUBJECT ADDED ENTRY--TOPICAL TERM
Topical term or geographic name entry element Numerical analysis
650 #0 - SUBJECT ADDED ENTRY--TOPICAL TERM
Topical term or geographic name entry element Numerisk analys
700 1# - ADDED ENTRY--PERSONAL NAME
Personal name Sacco, Riccardo
700 1# - ADDED ENTRY--PERSONAL NAME
Personal name Saleri, Fausto
942 ## - ADDED ENTRY ELEMENTS (KOHA)
Source of classification or shelving scheme
Koha item type Book
Holdings
Withdrawn status Lost status Source of classification or shelving scheme Damaged status Not for loan Collection code Permanent Location Current Location Date acquired Total Checkouts Full call number Barcode Date last seen Price effective from Koha item type
            Military College of Signals (MCS) Military College of Signals (MCS) 12/12/2016   519.4 QUA MCSEB-3018 12/08/2016 12/12/2016 Book
© 2023 Central Library, National University of Sciences and Technology. All Rights Reserved.